Mizo Tribes of North East India (Record no. 4943)

MARC details
000 -LEADER
fixed length control field 00474cam a2200181ua 4500
008 - FIXED-LENGTH DATA ELEMENTS--GENERAL INFORMATION
fixed length control field 131022n ii |||gr||||Z||||||eng
020 ## - INTERNATIONAL STANDARD BOOK NUMBER
International Standard Book Number 81-7646-523-2
040 ## - CATALOGING SOURCE
Transcribing agency MAIN
082 ## - DEWEY DECIMAL CLASSIFICATION NUMBER
Classification number 305.8
245 11 - TITLE STATEMENT
Title Mizo Tribes of North East India
Statement of responsibility, etc. by S.H.M.Rizvi
260 ## - PUBLICATION, DISTRIBUTION, ETC.
Place of publication, distribution, etc. Delhi:
Name of publisher, distributor, etc. B.R.Publishing Corporation,
Date of publication, distribution, etc. 2006.
300 ## - PHYSICAL DESCRIPTION
Extent vii,103p.
700 1# - ADDED ENTRY--PERSONAL NAME
Personal name Rizvi,S.H.M,
Relator term
942 ## - ADDED ENTRY ELEMENTS (KOHA)
Koha item type Books
653 ## - INDEX TERM--UNCONTROLLED
Uncontrolled term Sociology
653 ## - INDEX TERM--UNCONTROLLED
Uncontrolled term Mizo Tribes of North East India
Holdings
Withdrawn status Lost status Damaged status Not for loan Home library Current library Shelving location Date acquired Total Checkouts Full call number Barcode Date last seen Copy number Price effective from Koha item type
        Central Library, Naharkatiya College Central Library, Naharkatiya College General Stacks 19/09/2020   305.8 | RIZ 22235 19/09/2020 1 19/09/2020 Books

Naharkatiya College © 2020. All rights reserved.

Powered By